KOHA-Header-6

Nise's Control Systems Engineering (Record no. 2568)

000 -LEADER
fixed length control field 00303nam a2200121Ia 4500
008 - FIXED-LENGTH DATA ELEMENTS--GENERAL INFORMATION
fixed length control field 190802s9999 xx 000 0 und d
020 ## - INTERNATIONAL STANDARD BOOK NUMBER
International Standard Book Number 978-81-265-7183-3
100 ## - MAIN ENTRY--PERSONAL NAME
Personal name Norman S. Nise
245 #0 - TITLE STATEMENT
Title Nise's Control Systems Engineering
260 ## - PUBLICATION, DISTRIBUTION, ETC. (IMPRINT)
Place of publication, distribution, etc New Delhi
Name of publisher, distributor, etc Wiley
Date of publication, distribution, etc 2018
300 ## - PHYSICAL DESCRIPTION
Extent 919:p
942 ## - ADDED ENTRY ELEMENTS (KOHA)
Koha item type Books
Holdings
Withdrawn status Lost status Source of classification or shelving scheme Damaged status Not for loan Collection code Permanent Location Current Location Shelving location Date acquired Total Checkouts Full call number Barcode Checked out Date last seen Date checked out Price effective from Koha item type
          CSE MAJU MAJU Shelf No.A31 2019-08-03 3 629.8 9191 2022-05-16 2021-11-17 2021-11-17 2019-08-03 Computer System Engineering

Powered by Koha